| 000 | 00683nam a22001815i 4500 | ||
|---|---|---|---|
| 001 | 165393 | ||
| 003 | ES-MaACL | ||
| 005 | 20260130154843.0 | ||
| 008 | 991027s1878 fr |||| | fre d | ||
| 040 |
_aCAM _bspa _cCAM |
||
| 100 | 1 |
_aSimon, Jules, _d1814-1896 _9224189 |
|
| 245 | 1 | 3 |
_aLe gouvernement de M. Thiers _b: 8 février 1871 - 24 mai 1873 / _cpar Jules Simon. |
| 260 |
_aParis : _bCalmann Lévy éditeur, _c1878 ( _fImprimerie Centrale des Chemins de Fer, A. Chaix et cie) |
||
| 300 |
_a2 v. (473; 453 p.) ; _c22 cm. |
||
| 600 | 1 | 7 |
_aThiers, Adolphe, _d1797-1877- _xBiografías _2 _9133217 |
| 852 |
_aES-MaACL _jF-5708-09 _z-- Enc. hol. |
||
| 999 |
_c165393 _d165393 |
||